kku e-library facility

Mechanics of Materials (Record no. 187)

MARC details
000 -LEADER
fixed length control field 00436nam a2200145 4500
005 - DATE AND TIME OF LATEST TRANSACTION
control field 20260313092859.0
008 - FIXED-LENGTH DATA ELEMENTS--GENERAL INFORMATION
fixed length control field 260313b |||||||| |||| 00| 0 eng d
020 ## - INTERNATIONAL STANDARD BOOK NUMBER
International Standard Book Number 0073659355
100 ## - MAIN ENTRY--PERSONAL NAME
Personal name Beer P. Ferdinand, Johnston E. Russell & Dewolf T. John
245 ## - TITLE STATEMENT
Title Mechanics of Materials
Statement of responsibility, etc. /Ferdinand P. Beer
250 ## - EDITION STATEMENT
Edition statement 3rd ed
260 ## - PUBLICATION, DISTRIBUTION, ETC.
Place of publication, distribution, etc. New York;
Name of publisher, distributor, etc. McGraw-Hill Companies;
Date of publication, distribution, etc. 2001
300 ## - PHYSICAL DESCRIPTION
Extent xix, 788p. ill;
Dimensions 26cm
942 ## - ADDED ENTRY ELEMENTS (KOHA)
Source of classification or shelving scheme Library of Congress Classification
Suppress in OPAC No
Koha item type Books

No items available.

©2025 All rights reserved. KKU